000
00253 a2200109 4500
001
68557
040
_c
Anchieta - Itaigara
240
1
0
_a
A esperança de Jubinha
_l
245
1
0
_a
A esperança de Jubinha
650
4
_a
Literatura infanto-juvenil
942
_c
MU
999
_c
68557
_d
68557